| 000 | 01672cam a22005054i 4500 | ||
|---|---|---|---|
| 003 | PE-LiUPU | ||
| 005 | 20250731173159.0 | ||
| 008 | 150623s r 000 0 d | ||
| 020 | _a0805781609 | ||
| 035 | _a(Sirsi) i9780805781601 | ||
| 040 |
_aPE-LiUPU _bspa _cPE-LiUPU _erda |
||
| 049 | _aPRUA | ||
| 082 | 0 | 4 |
_a297.1224 _bA44 _221 |
| 100 | 1 |
_aKisa'i, Muhammad ibn 'Abd Allāh, _dactive 11th century. |
|
| 245 | 0 | 4 | _aThe tales of the prophets of al-Kisa'i /cTraducido del árabe, connotas por W. M. Thackston, Jr. |
| 264 | 1 |
_aBoston : _bTwayne Publishers, _c1978 |
|
| 300 |
_a376 PG . ; _c21 Cm. |
||
| 336 |
_atext _2rdacontent |
||
| 337 |
_aunmediated _2rdamedia |
||
| 338 |
_avolume _2rdacarrier |
||
| 490 | _aLibrary of classical Arabic literature ; v. 2 | ||
| 500 | _aTradución de Qisas al-anbiyā'. | ||
| 504 | _aBibliografía: p. 357-366 | ||
| 505 | 0 | _aThe Table and the pen. | |
| 526 | _aSEG42 | ||
| 526 | _aSEG41 | ||
| 526 | _aSEG40 | ||
| 526 | _aSEG39 | ||
| 526 | _aP94 | ||
| 526 | _aP87 | ||
| 526 | _aP86 | ||
| 526 | _aP85 | ||
| 526 | _aP77 | ||
| 526 | _aP76 | ||
| 526 | _aP35 | ||
| 650 | 1 | _aLeyendas islámicas | |
| 650 | 0 | 4 | _aProfetas Preislamicos |
| 700 | 1 |
_aThckackton, W. M., _eJr. |
|
| 942 |
_2ddc _cBOOK |
||
| 949 |
_a297.1224 A44 _wDEWEY _c1 _i30323 _lCCODEBUL1 _mBUL _r0 _sY _tBOOK _u2015-6-24 _xTEOLOGIA _zUNKNOWN _0COMPRA _o.STAFF. Colección General |
||
| 994 |
_aC0 _bPEPRU |
||
| 596 | _a1 | ||
| 999 |
_a297.1224 A44 _wDEWEY _c36745 _i30323 _f2021-11-11 _g5 _lCCODEBUL1 _mBUL _r0 _sY _tBOOK _u2015-6-24 _xTEOLOGIA _zUNKNOWN _0COMPRA _o.STAFF. Colección General _d36745 |
||
| 980 |
_81 _gALBERTO SANCHEZ Responsable de Automatización |
||